Alle deutschen Fußballprofimannschaften - Statistiken

Allgemein
  • Dieses Quiz wurde 102 mal gespielt
  • Das Durchschnittsergebnis liegt bei 56 aus 143
Antwortstatistiken
Bundesland Mannschaft Größter Erfolg % Korrekt
Bayern FC Bayern München Bundesligameister
89%
Bayern 1 FC Nürnberg Bundesligameister
80%
Bayern FC Augsburg Bundesliga
76%
Bayern TSV 1860 München Bundesligameister
74%
Nordrhein-Westfalen Borussia Dortmund Bundeligameister
73%
Berlin Union Berlin Bundesliga
72%
Nordrhein-Westfalen Bayer 04 Leverkusen Bundeligameister
70%
Bremen Werder Bremen Bundesligameister
70%
Hamburg Hamburger SV Bundesligameister
68%
Berlin Hertha BSC Berlin Bundesliga
68%
Nordrhein-Westfalen 1. FC Köln Bundeligameister
67%
Bayern Spvgg Greuther Fürth Bundesliga
67%
Baden-Württemberg VfB Stuttgart Bundesligameister
67%
Sachsen Dynamo Dresden Bundesliga
66%
Hamburg FC St Pauli Bundesliga
66%
Niedersachsen Eintracht Braunschweig Bundeliga
65%
Schleswig-Holstein Holstein Kiel Bundesliga
65%
Sachsen RB Leipzig Bundesliga
65%
Baden-Württemberg SC Freiburg Bundesliga
65%
Niedersachsen VfL Wolfsburg Bundeligameister
65%
Hessen Eintracht Frankfurt Bundesliga
63%
Baden-Württemberg Karlsruher SC Bundesliga
63%
Saarland 1 FC Saarbrücken Bundesliga
62%
Mecklenburg-Vorpommern Hansa Rostock Bundesliga
62%
Nordrhein-Westfalen Schalke 04 Bundeliga
62%
Baden-Württemberg SSV Ulm Bundesliga
62%
Baden-Württemberg TSG Hoffenheim Bundesliga
61%
Nordrhein-Westfalen VfL Bochum Bundeliga
61%
Rheinland-Pfalz 1 FC Kaiserslautern Bundesligameister
60%
Nordrhein-Westfalen Borussia Mönchengladbach Bundeligameister
60%
Rheinland-Pfalz FSV Mainz 05 Bundesliga
60%
Bayern Spvgg Unterhaching Bundesliga
60%
Bayern SSV Jahn Regensburg 2. Bundesliga
60%
Nordrhein-Westfalen Fortuna Düsseldorf Bundeliga
59%
Niedersachsen Hannover 96 Bundesliga
59%
Nordrhein-Westfalen Rot Weiß Essen Bundeliga
59%
Baden-Württemberg Stuttgarter Kickers Bundesliga
59%
Hessen SV Darmstadt Bundesliga
59%
Baden-Württemberg Waldhof Mannheim Bundesliga
59%
Sachsen-Anhalt 1 FC Magdeburg 2. Bundesliga
57%
Brandenburg Energie Cottbus Bundesliga
57%
Hessen Kickers Offenbach Bundesliga
56%
Saarland SV Elversberg 2. Bundesliga
56%
Baden-Württemberg 1 FC Heidenheim Bundesliga
55%
Sachsen Erzgebirge Aue 2. Bundesliga
54%
Nordrhein-Westfalen MSV Duisburg Bundeliga
54%
Nordrhein-Westfalen Preußen Münster Bundeliga
54%
Berlin Tasmania Berlin Bundesliga
54%
Nordrhein-Westfalen Arminia Bielefeld Bundeliga
52%
Nordrhein-Westfalen Fortuna Köln Bundeliga
52%
Bayern Würzburger Kickers 2. Bundesliga
52%
Thüringen Carl Zeiss Jena 2. Bundesliga
51%
Sachsen Chemnitzer FC 2. Bundesliga
51%
Bayern FC Ingolstadt 04 Bundesliga
51%
Thüringen Rot Weiß Erfurt 2. Bundesliga
51%
Schleswig-Holstein VfB Lübeck 2. Bundesliga
51%
Hessen Wehen Wiesbaden 2. Bundesliga
51%
Hessen FSV Frankfurt 2. Bundesliga
50%
Nordrhein-Westfalen Rot Weiß Oberhausen Bundeliga
50%
Nordrhein-Westfalen Alemania Aachen Bundeliga
49%
Bayern FC Bayern Hof 2. Bundesliga
49%
Nordrhein-Westfalen SC Paderborn Bundeliga
48%
Rheinland-Pfalz TuS Koblenz 2. Bundesliga
48%
Nordrhein-Westfalen Wuppertaler SV Bundeliga
48%
Sachsen-Anhalt Hallescher FC 2. Bundesliga
46%
Bayern Spvgg Bayreuth 2. Bundesliga
46%
Niedersachsen VfL Osnabrück 2. Bundeliga
46%
Berlin Tennis Borussia Berlin Bundesliga
45%
Baden-Württemberg SV Sandhausen 2. Bundesliga
44%
Berlin Viktoria Berlin 3. Liga
44%
Sachsen FSV Zwickau 2. Bundesliga
41%
Nordrhein-Westfalen SC Verl 3. Liga
41%
Niedersachsen VfB Oldenburg 2. Bundeliga
41%
Rheinland-Pfalz Eintracht Trier 2. Bundesliga
40%
Saarland FC 08 Homburg Bundesliga
40%
Hessen KSV Hessen Kassel 2. Bundesliga
40%
Nordrhein-Westfalen KFC Uerdingen 05 Bundeliga
39%
Niedersachsen SV Meppen 2. Bundeliga
38%
Bayern 1 FC Schweinfurt 2. Bundesliga
37%
Baden-Württemberg VfR Aalen 2. Bundesliga
37%
Saarland Borussia Neunkirchen Bundesliga
35%
Brandenburg SV Babelsberg 2. Bundesliga
35%
Sachsen VfB Leipzig Bundesliga
35%
Bayern Wacker Burghausen 2. Bundesliga
35%
Berlin Blau Weiß Berlin Bundesliga
32%
Rheinland-Pfalz FK Pirmasens 2. Bundesliga
32%
Nordrhein-Westfalen Schwarz Weiß Essen 2. Bundeliga
32%
Bayern Türkgücü München 3. Liga
32%
Nordrhein-Westfalen Bonner SC 2.Bundeliga
30%
Nordrhein-Westfalen SG Wattenscheid 09 Bundeliga
30%
Baden-Württemberg Sonnenhof Großaspach 3. Liga
30%
Baden-Württemberg SSV Reutlingen 2. Bundesliga
29%
Niedersachsen Kickers Emden 3. Liga
28%
Nordrhein-Westfalen Rot Weiß Ahlen 2. Bundeliga
28%
Nordrhein-Westfalen Sportfreunde Siegen 2. Bundeliga
28%
Bayern Viktoria Aschaffenburg 2. Bundesliga
28%
Nordrhein-Westfalen Sportfreunde Lotte 3. Liga
27%
Rheinland-Pfalz Wormatia Worms 2. Bundesliga
27%
Bayern FC Bayern München II Meister der 3. Liga
24%
Nordrhein-Westfalen Westfalia Herne 2. Bundeliga
24%
Nordrhein-Westfalen Borussia Dortmund II 3. Liga
22%
Baden-Württemberg VfB Stuttgart II 3. Liga
22%
Bremen Werder Bremen II 3. Liga
22%
Bremen OSC Bremerhaven 2. Bundesliga
21%
Baden-Württemberg SC Freiburg II 3. Liga
20%
Nordrhein-Westfalen 1 FC Bocholt 2. Bundeliga
18%
Baden-Württemberg VfR Mannheim 2. Bundesliga
18%
Niedersachsen 1 SC Göttingen 05 2. Bundeliga
17%
Nordrhein-Westfalen FC Viktoria Köln 3. Liga
17%
Baden-Württemberg Freiburger FC 2. Bundesliga
17%
Brandenburg BSV Stahl Brandenburg 2. Bundesliga
16%
Rheinland-Pfalz FSV Mainz 05 II 3. Liga
16%
Nordrhein-Westfalen SG Union Solingen 2. Bundeliga
16%
Nordrhein-Westfalen FC Gütersloh 2. Bundeliga
15%
Nordrhein-Westfalen FC Remscheid 2. Bundeliga
15%
Baden-Württemberg VfR Heilbronn 2. Bundesliga
15%
Niedersachsen TSR Olympia Wilhelmshaven 2. Bundeliga
13%
Nordrhein-Westfalen 1 FC Mülheim 2. Bundeliga
12%
Hessen FC Hanau 93 2. Bundesliga
12%
Rheinland-Pfalz FSV Salmrohr 2. Bundesliga
12%
Nordrhein-Westfalen Rot Weiß Lüdenscheid 2. Bundeliga
11%
Saarland SV Röchling Völklingen 2. Bundesliga
11%
Niedersachsen Arminia Hannover 2. Bundeliga
10%
Hessen KSV Baunatal 2. Bundesliga
10%
Bayern MTV Ingolstadt 2. Bundesliga
10%
Bayern ESV Ingolstadt 2. Bundesliga
9%
Nordrhein-Westfalen DSC Wanne-Eickel 2. Bundeliga
7%
Rheinland-Pfalz Eintracht Bad Kreuznach 2. Bundesliga
7%
Hamburg HSV Barmbek-Uhlenhorst 2. Bundesliga
7%
Berlin Spandauer SV 2. Bundesliga
7%
Niedersachsen TSV Havelsee 2. Bundeliga
6%
Baden-Württemberg VfB Eppingen 2. Bundesliga
6%
Nordrhein-Westfalen SC Herford 2. Bundeliga
5%
Berlin Wacker 04 Berlin 2. Bundesliga
5%
Baden-Württemberg BSV 07 Schwenningen 2. Bundesliga
4%
Nordrhein-Westfalen DJK Gütersloh 2. Bundeliga
4%
Niedersachsen OSV Hannover 2. Bundesliga
4%
Berlin SC Charlottenburg 2. Bundesliga
4%
Nordrhein-Westfalen SpVgg Erkenschwick 2. Bundeliga
4%
Nordrhein-Westfalen TuS Schloß Neuhaus 2. Bundeliga
4%
Hessen VfR Bürstadt 2. Bundesliga
4%
Bayern FV 04 Würzburg 2. Bundesliga
2%
Nordrhein-Westfalen SC Viktoria Köln 2. Bundeliga
2%
Keine übereinstimmenden Quizze gefunden
Verteilung der Resultate
Anzahl Personen mit jedem Resultat
Perzentil nach korrekt beantworteten Fragen
Ihre Resultats-Entwicklung
Sie haben dieses Quiz noch nicht gespielt